[Event "Weekend A"]
[Site "Bari ITA"]
[Date "2004.01.24"]
[Round "4"]
[White "Guccione, Daniele"]
[Black "Gissi, Gilberto"]
[Result "0-1"]
[WhiteElo "1729"]
[BlackElo "1837"]
[PlyCount "62"]
[EventDate "2004.01.17"]

1. d4 f5 2. Bg5 g6 3. e3 Bg7 4. Bd3 Nf6 5. Nf3 b6 6. c4 Bb7 7. Nc3 d6 8. d5 c5
9. e4 Nxe4 10. Nxe4 fxe4 11. Bxe4 Bxb2 12. O-O Bf6 13. Qc2 Na6 14. Rfe1 Kd7 15.
Rad1 Kc7 16. Bd2 Qd7 17. Ng5 Bxg5 18. Bxg5 Rae8 19. Bf3 h6 20. Bc1 g5 21. Bh5
e5 22. dxe6 Rxe6 23. Rxe6 Qxe6 24. Bb2 Rd8 25. h3 Nb4 26. Qb1 Be4 27. Qc1 Nd3
28. Qc3 Nxb2 29. Qxb2 Qe5 30. Qa3 Bb7 31. Rb1 Qe4 0-1

[Event "Weekend A"]
[Site "Bari ITA"]
[Date "2004.01.24"]
[Round "4"]
[White "Pizzuto, Samuele Tullio"]
[Black "Campanile, Antonio"]
[Result "1/2-1/2"]
[WhiteElo "2139"]
[BlackElo "2096"]
[PlyCount "73"]
[EventDate "2004.01.17"]

1. e4 d5 2. exd5 Qxd5 3. Nc3 Qd6 4. d4 Nf6 5. Bd3 Bg4 6. f3 Bd7 7. Nge2 e5 8.
dxe5 Qxe5 9. Bf4 Qa5 10. O-O Be7 11. Kh1 O-O 12. Ng3 Na6 13. a3 c5 14. Nge4
Rfd8 15. Qe2 Bc6 16. Nd2 Re8 17. Nc4 Qd8 18. Ne5 Nc7 19. Nxc6 bxc6 20. Ne4 Ncd5
21. Bg3 Nh5 22. f4 Nxg3+ 23. Nxg3 Bf6 24. Qh5 g6 25. Qh3 Bxb2 26. Rab1 Rb8 27.
Ne4 f5 28. Ng5 Qc7 29. Bc4 Qg7 30. Qf3 Qd7 31. Rfd1 Bf6 32. Bb3 c4 33. Bxc4 h6
34. Nh3 Rxb1 35. Rxb1 Kg7 36. Rd1 Rd8 37. g3 1/2-1/2

[Event "Weekend A"]
[Site "Bari ITA"]
[Date "2004.01.24"]
[Round "4"]
[White "Pulimeno, Roberto"]
[Black "Beqiraj, Ismail"]
[Result "1-0"]
[WhiteElo "1750"]
[BlackElo "1600"]
[PlyCount "60"]
[EventDate "2004.01.17"]

1. e4 g6 2. d4 Bg7 3. Nc3 d6 4. f4 c6 5. Nf3 Nf6 6. Bd3 O-O 7. Qe2 a5 8. O-O
Na6 9. a3 Nc7 10. h3 Nh5 11. Qf2 c5 12. dxc5 dxc5 13. g4 Nf6 14. Qxc5 Bxg4 15.
hxg4 Nxg4 16. Qg5 h5 17. f5 Bh6 18. Qh4 Bg7 19. Bg5 Qd6 20. Kh1 Rae8 21. Rab1
b5 22. Nxb5 Nxb5 23. Bxb5 f6 24. Bd2 Rc8 25. Bd3 Kf7 26. fxg6+ Ke8 27. Bb5+ Rc6
28. Bxa5 f5 29. Rbd1 Qxg6 30. Bxc6+ Qxc6 1-0

[Event "Weekend A"]
[Site "Bari ITA"]
[Date "2004.01.24"]
[Round "4"]
[White "Vespe, Francesco"]
[Black "Tommaselli, Giacomo"]
[Result "1-0"]
[WhiteElo "1867"]
[BlackElo "2018"]
[PlyCount "105"]
[EventDate "2004.01.17"]

1. d4 Nf6 2. c4 e6 3. Nf3 b6 4. g3 Bb4+ 5. Bd2 Bxd2+ 6. Nbxd2 Bb7 7. Bg2 O-O 8.
O-O d5 9. Rc1 a5 10. Re1 Ne4 11. a3 Na6 12. e3 c5 13. h4 h6 14. Nxe4 dxe4 15.
Ne5 Qc7 16. Qg4 f5 17. Qf4 Rad8 18. Red1 Rd6 19. Ng6 Rfd8 20. Qe5 Qd7 21. Nf4
cxd4 22. exd4 Nc5 23. b4 axb4 24. axb4 Nb3 25. c5 bxc5 26. bxc5 Rxd4 27. Rxd4
Nxd4 28. Rb1 Bc8 29. Rb6 Qa7 30. Rd6 Qa1+ 31. Kh2 Nf3+ 32. Bxf3 Qxe5 33. Rxd8+
Kh7 34. Rh8+ Kxh8 35. Ng6+ Kg8 36. Nxe5 exf3 37. Nxf3 Kf8 38. Ne5 Ke7 39. Kg2
Kd8 40. Kf3 Kc7 41. Ke3 Bb7 42. f4 Bg2 43. Kd4 Bd5 44. Ng6 Kd7 45. Ke5 Kc6 46.
Nf8 Kxc5 47. Nxe6+ Kc6 48. Nxg7 Bf3 49. Kxf5 Kd7 50. Kg6 Ke7 51. Kxh6 Kf7 52.
Nf5 Kf6 53. Ne3 1-0

[Event "Weekend A"]
[Site "Bari ITA"]
[Date "2004.01.25"]
[Round "5"]
[White "Beqiraj, Ismail"]
[Black "Crudele, Michele"]
[Result "1-0"]
[WhiteElo "1600"]
[BlackElo "1827"]
[PlyCount "115"]
[EventDate "2004.01.17"]

1. e4 Nc6 2. Nf3 e6 3. d4 d5 4. Nbd2 Nge7 5. c3 b6 6. Bb5 a6 7. Bd3 Ng6 8. Nf1
Be7 9. Qe2 O-O 10. e5 b5 11. h4 Re8 12. Ng3 f5 13. exf6 Bxf6 14. Bxg6 hxg6 15.
Ne5 Bxe5 16. dxe5 d4 17. h5 Qd5 18. f4 d3 19. Qe4 Qxe4+ 20. Nxe4 Ne7 21. Nc5
Rd8 22. Be3 Rd5 23. g4 gxh5 24. Rxh5 Ng6 25. b4 a5 26. Kd2 axb4 27. cxb4 Ra3
28. Rhh1 Ne7 29. Rac1 Rd8 30. Rc3 Rxc3 31. Kxc3 Nd5+ 32. Kxd3 Nxb4+ 33. Ke4 Na6
34. Rc1 Nxc5+ 35. Bxc5 Rd2 36. a3 Bb7+ 37. Ke3 Rg2 38. g5 Bd5 39. Kd3 Rg3+ 40.
Be3 Bc4+ 41. Ke4 c6 42. Rg1 Bd5+ 43. Kd3 Rh3 44. Rc1 Kf7 45. Kd4 Kg6 46. Rc3
Kf5 47. Bd2 Rh2 48. Bc1 Rh1 49. Kc5 Rd1 50. Kd6 Ke4 51. Be3 Re1 52. Bd2 Re2 53.
Bc1 Kd4 54. Rc5 Bc4 55. Rxc6 Rc2 56. f5 exf5 57. Bf4 Rf2 58. Bc1 {...} 1-0

[Event "Weekend A"]
[Site "Bari ITA"]
[Date "2004.01.25"]
[Round "5"]
[White "Campanile, Antonio"]
[Black "Pulimeno, Roberto"]
[Result "1-0"]
[WhiteElo "2096"]
[BlackElo "1750"]
[PlyCount "122"]
[EventDate "2004.01.17"]

1. c4 Nf6 2. Nf3 g6 3. g3 Bg7 4. Bg2 O-O 5. O-O Nc6 6. Nc3 d6 7. d3 Bg4 8. h3
Bd7 9. Rb1 Ne8 10. Bd2 Ne5 11. Ne1 Bc6 12. e4 f5 13. Qe2 e6 14. Nc2 fxe4 15.
dxe4 Rb8 16. Be3 Qe7 17. Bxa7 Rd8 18. Bd4 g5 19. Rbd1 Nf6 20. c5 h6 21. cxd6
cxd6 22. Nb4 Nfd7 23. f4 Nf7 24. Bxg7 Kxg7 25. f5 Nf6 26. fxe6 Qxe6 27. Nc2 Qe5
28. Nd4 Bd7 29. g4 Qc5 30. Qf2 Ne5 31. Nf5+ Bxf5 32. exf5 b6 33. Nd5 Nxd5 34.
Rxd5 Qxf2+ 35. Rxf2 Kf6 36. b3 Rf7 37. Rc2 h5 38. Rd4 hxg4 39. hxg4 Rh7 40. Kf2
Ra7 41. Kg3 Ra5 42. Rd1 Nf7 43. Rh1 Rc5 44. Be4 Rh8 45. Rxh8 Nxh8 46. Rxc5 dxc5
47. Bd5 Ke5 48. Bc4 Ke4 49. a4 Ke3 50. Bg8 Ke4 51. Be6 Ke3 52. f6 Ng6 53. Bf5
Nf8 54. Kg2 Kf4 55. Kf2 Ke5 56. f7 Kf6 57. Ke3 Kxf7 58. Kd3 Kf6 59. Kc4 Ke7 60.
Kb5 Ne6 61. Bxe6 Kxe6 1-0

[Event "Weekend A"]
[Site "Bari ITA"]
[Date "2004.01.25"]
[Round "5"]
[White "Campanile, Roberto"]
[Black "Vespe, Francesco"]
[Result "1-0"]
[WhiteElo "2183"]
[BlackElo "1867"]
[PlyCount "55"]
[EventDate "2004.01.17"]

1. d4 d5 2. Nf3 Bf5 3. c4 c6 4. Nc3 e6 5. Qb3 Qb6 6. c5 Qc7 7. Bf4 Qxf4 8. Qxb7
Bxc5 9. dxc5 Ne7 10. e3 Qg4 11. h3 Qg6 12. Qxa8 O-O 13. Qxa7 Qf6 14. Be2 e5 15.
O-O Nd7 16. Rad1 g5 17. Nh2 Be6 18. Bg4 Kg7 19. Kh1 Qg6 20. Bxe6 Qxe6 21. Ne4
h6 22. Nd6 h5 23. b4 g4 24. f4 Nf5 25. Nxf5+ Qxf5 26. e4 Qxe4 27. Qxd7 exf4 28.
hxg4 1-0

[Event "Weekend A"]
[Site "Bari ITA"]
[Date "2004.01.25"]
[Round "5"]
[White "Di Lascio, Savino"]
[Black "Pizzuto, Samuele Tullio"]
[Result "0-1"]
[WhiteElo "2055"]
[BlackElo "2139"]
[PlyCount "88"]
[EventDate "2004.01.17"]

1. Nf3 d5 2. g3 Bg4 3. Bg2 Nd7 4. O-O c6 5. d3 Ngf6 6. Nbd2 e5 7. e4 Bd6 8. c3
O-O 9. b4 a5 10. bxa5 Qxa5 11. Bb2 dxe4 12. dxe4 b5 13. a4 Qc7 14. axb5 cxb5
15. Qe2 Nc5 16. h3 Bd7 17. c4 Na4 18. Rfb1 Nxb2 19. Rxa8 Rxa8 20. Rxb2 Ra1+ 21.
Kh2 b4 22. Nb3 Ra3 23. Nfd2 Be6 24. Bf1 Nd7 25. Nb1 Ra8 26. Qc2 Rf8 27. Bd3 Nc5
28. Nxc5 Bxc5 29. Kg2 Rd8 30. Be2 Qd7 31. g4 h5 32. Kg3 Qd4 33. Bf1 hxg4 34.
hxg4 g6 35. Qe2 Bxc4 36. Qxc4 Qxb2 37. Qxc5 Qxb1 38. Qc7 Rf8 39. Qc4 b3 40. Bd3
Qg1+ 41. Kf3 Qd1+ 42. Kg3 Rd8 43. Be2 Qc2 44. Qa4 Qxe2 0-1

[Event "Weekend A"]
[Site "Bari ITA"]
[Date "2004.01.25"]
[Round "5"]
[White "Gissi, Gilberto"]
[Black "Granaldi, Alessandro"]
[Result "1/2-1/2"]
[WhiteElo "1837"]
[BlackElo "1867"]
[PlyCount "56"]
[EventDate "2004.01.17"]

1. f4 d5 2. Nf3 c5 3. e3 Nc6 4. Bb5 Bd7 5. b3 Nf6 6. Bb2 e6 7. O-O Bd6 8. Bxc6
Bxc6 9. d3 O-O 10. Ne5 Nd7 11. Qg4 Bxe5 12. fxe5 Qe7 13. Nd2 Kh8 14. Rf3 f5 15.
exf6 gxf6 16. Qh4 e5 17. Raf1 Rg8 18. h3 Rg6 19. g4 Rag8 20. Rf5 Qe6 21. R1f2
b5 22. Nf1 Rg5 23. Ng3 R8g6 24. Bc1 Rg8 25. Kh2 R5g6 26. Rh5 Nf8 27. Rhf5 Nd7
28. Rh5 Nf8 1/2-1/2

[Event "Weekend A"]
[Site "Bari ITA"]
[Date "2004.01.25"]
[Round "5"]
[White "Laghetti, Gaetano"]
[Black "Caputi, Nicola"]
[Result "0-1"]
[WhiteElo "1723"]
[BlackElo "1988"]
[PlyCount "150"]
[EventDate "2004.01.17"]

1. d4 Nf6 2. c4 e6 3. Nc3 Bb4 4. Qc2 O-O 5. a3 Bxc3+ 6. Qxc3 d5 7. Bg5 Nbd7 8.
Nf3 h6 9. Bh4 c5 10. dxc5 Qc7 11. b4 Ne4 12. Qc2 a5 13. cxd5 exd5 14. Rd1 axb4
15. axb4 Ndf6 16. e3 Bd7 17. Bd3 Ba4 18. Qc1 Bxd1 19. Qxd1 b6 20. cxb6 Qxb6 21.
Qb1 Ra4 22. Bxf6 Nxf6 23. O-O Rxb4 24. Qa1 Rb8 25. Rc1 Rb2 26. Nd4 Ne4 27. Bxe4
dxe4 28. g3 Rb1 29. Rxb1 Qxb1+ 30. Qxb1 Rxb1+ 31. Kg2 g6 32. g4 Kg7 33. Ne2 Rb4
34. Kg3 g5 35. Nd4 Rb6 36. Nf5+ Kf8 37. Kg2 Ke8 38. Kg3 Kd7 39. Kg2 Rf6 40. Ng3
Re6 41. Nf5 Kc7 42. Kg3 Rf6 43. Nd4 Kb6 44. Kg2 Kc5 45. Kg3 Kc4 46. Kg2 Kd3 47.
Kg3 Kd2 48. Nf5 Ke1 49. Kg2 h5 50. h3 h4 51. Kg1 Ra6 52. Kg2 Ra2 53. Nd6 Rxf2+
54. Kg1 Rf3 55. Nxe4 f6 56. Kg2 Rxe3 57. Nxf6 Re2+ 58. Kg1 Re5 59. Kg2 Ke2 60.
Nh5 Re7 61. Nf6 Kd3 62. Nh5 Rf7 63. Kg1 Ke3 64. Kg2 Ke2 65. Kg1 Kf3 66. Kh2 Kf2
67. Kh1 Kf1 68. Kh2 Ke2 69. Kg2 Ke3 70. Kh2 Kd4 71. Kg2 Ke5 72. Kh2 Kd6 73. Kg2
Ke7 74. Kh2 Kf8 75. Kg2 Kg8 0-1

[Event "Weekend A"]
[Site "Bari ITA"]
[Date "2004.01.25"]
[Round "5"]
[White "Pascali, Frederic"]
[Black "Guccione, Daniele"]
[Result "1-0"]
[WhiteElo "1734"]
[BlackElo "1729"]
[PlyCount "93"]
[EventDate "2004.01.17"]

1. Nf3 Nf6 2. e3 g6 3. d4 Bg7 4. c4 d6 5. Nc3 O-O 6. Bd3 c6 7. O-O Qc7 8. e4 e5
9. d5 Na6 10. h3 Nh5 11. Rb1 Nc5 12. Bc2 a5 13. a3 Nf4 14. b4 axb4 15. axb4 Nd7
16. Ne2 Nxe2+ 17. Qxe2 cxd5 18. cxd5 Nf6 19. Bd3 Nh5 20. Be3 Nf4 21. Qd2 Nxd3
22. Qxd3 f5 23. Rfc1 fxe4 24. Qxe4 Bf5 25. Qh4 Qf7 26. Ng5 Bf6 27. Nxf7 Bxh4
28. Nh6+ Kh8 29. Nxf5 Rxf5 30. Rc7 Raf8 31. g3 Bg5 32. g4 Bd8 33. Rxb7 Rf3 34.
Bh6 Re8 35. Kg2 e4 36. g5 Rf5 37. Rb8 Kg8 38. Ra1 Rf7 39. Raa8 Rd7 40. b5 Kf7
41. b6 Rg8 42. Ra7 Ke7 43. Rc8 Re8 44. b7 Bc7 45. Raa8 Red8 46. b8=Q Bxb8 47.
Rcxb8 1-0

[Event "Weekend A"]
[Site "Bari ITA"]
[Date "2004.01.25"]
[Round "5"]
[White "Tommaselli, Giacomo"]
[Black "Palma, Antonio"]
[Result "1/2-1/2"]
[WhiteElo "2018"]
[BlackElo "1918"]
[PlyCount "101"]
[EventDate "2004.01.17"]

1. d4 e6 2. Nf3 Nf6 3. Bg5 Be7 4. Nbd2 c5 5. e3 b6 6. Bd3 Bb7 7. O-O O-O 8. c3
d6 9. Rc1 Nbd7 10. Qe2 a6 11. e4 h6 12. Bh4 Nh5 13. Bxe7 Qxe7 14. g3 b5 15. Nh4
Nf4 16. gxf4 Qxh4 17. Qf3 f5 18. Qg3 Qh5 19. e5 dxe5 20. dxe5 c4 21. Bc2 Nc5
22. Bd1 Qf7 23. Bf3 Rad8 24. Bxb7 Qxb7 25. Nb1 Rd3 26. Qg6 Qd5 27. Na3 Ne4 28.
Nc2 Nd2 29. Ne1 Rd8 30. Qg2 Nxf1 31. Nxd3 Ne3 32. fxe3 Qxd3 33. Re1 Qd2 34. Re2
Qc1+ 35. Kf2 Kh7 36. h4 Rd2 37. Rxd2 Qxd2+ 38. Kf3 Qxg2+ 39. Kxg2 g5 40. fxg5
hxg5 41. hxg5 Kg6 42. Kf3 Kxg5 43. Kg3 a5 44. a3 a4 45. Kf3 Kh5 46. Kg3 Kg5 47.
Kf3 Kh4 48. Kf4 Kh5 49. Kg3 Kg6 50. Kf4 Kh6 51. Kf3 1/2-1/2

[Event "Weekend A"]
[Site "Bari ITA"]
[Date "2004.01.25"]
[Round "6"]
[White "Caputi, Nicola"]
[Black "Beqiraj, Ismail"]
[Result "1-0"]
[WhiteElo "1988"]
[BlackElo "1600"]
[PlyCount "101"]
[EventDate "2004.01.17"]

1. c4 Nf6 2. Nc3 c5 3. g3 Nc6 4. Bg2 d6 5. d3 e6 6. Nf3 Be7 7. a3 O-O 8. O-O d5
9. b3 d4 10. Na2 a5 11. Bd2 e5 12. Ne1 Bf5 13. b4 Qd7 14. bxc5 Bxc5 15. Qa4
Rac8 16. Nc1 b6 17. Nb3 Nb8 18. Nxc5 Rxc5 19. Qb3 Qc7 20. e3 Bg4 21. exd4 exd4
22. Bf4 Qd8 23. Nf3 Rc8 24. Rab1 Nh5 25. Bg5 f6 26. Bd2 Kh8 27. Qxb6 Qxb6 28.
Rxb6 Nd7 29. Rb5 Nc5 30. Nxd4 g6 31. Bxa5 Nxd3 32. Bd5 Ng7 33. Rb7 Ne8 34. Nc6
Nd6 35. Rc7 Be2 36. Rb1 Rfe8 37. Rxc8 Rxc8 38. Rb8 Rxb8 39. Nxb8 Kg7 40. Bc7
Ne8 41. Bb6 Kf8 42. c5 Ke7 43. Nc6+ Kd7 44. Nd4 Nc7 45. Bc4 Nxf2 46. Bxe2 Ne4
47. Bd3 Ng5 48. a4 f5 49. a5 Kc8 50. a6 Nf7 51. a7 1-0

[Event "Weekend A"]
[Site "Bari ITA"]
[Date "2004.01.25"]
[Round "6"]
[White "Granaldi, Alessandro"]
[Black "Tommaselli, Giacomo"]
[Result "1-0"]
[WhiteElo "1867"]
[BlackElo "2018"]
[PlyCount "83"]
[EventDate "2004.01.17"]

1. d4 Nf6 2. c4 e6 3. Nc3 Bb4 4. Qb3 Bxc3+ 5. Qxc3 Ne4 6. Qc2 f5 7. g3 c5 8.
Nf3 Nc6 9. e3 Qa5+ 10. Bd2 Nxd2 11. Qxd2 Qxd2+ 12. Kxd2 cxd4 13. Nxd4 Nxd4 14.
exd4 O-O 15. Bg2 Rb8 16. Rac1 f4 17. gxf4 Rxf4 18. Ke3 Rf6 19. c5 Rf8 20. d5
exd5 21. Bxd5+ Kh8 22. b3 b6 23. cxb6 Rxb6 24. Rc7 Rd6 25. Kd4 Ba6 26. Rxa7 g6
27. Kc5 Rff6 28. Re1 Bb5 29. Kxb5 Rxd5+ 30. Kc4 Rd2 31. Re7 Rdxf2 32. Raxd7 h5
33. Re8+ Rf8 34. Rxf8+ Rxf8 35. a4 Rf2 36. h4 Rf4+ 37. Rd4 Rf7 38. a5 Kg7 39.
a6 Kh6 40. b4 g5 41. Rd6+ Kg7 42. hxg5 1-0

[Event "Weekend A"]
[Site "Bari ITA"]
[Date "2004.01.25"]
[Round "6"]
[White "Guccione, Daniele"]
[Black "Crudele, Michele"]
[Result "1-0"]
[WhiteElo "1729"]
[BlackElo "1827"]
[PlyCount "67"]
[EventDate "2004.01.17"]

1. d4 d6 2. c4 Bf5 3. Nc3 Nf6 4. Nf3 Nbd7 5. Nh4 Bg4 6. Qd3 e5 7. h3 Bh5 8. g4
Bg6 9. Nxg6 hxg6 10. Bg5 Be7 11. Bg2 c6 12. O-O-O Qa5 13. f4 exf4 14. Bxf4 O-O
15. h4 Nxg4 16. Qg3 Ndf6 17. Kb1 Nh6 18. Bxh6 gxh6 19. d5 c5 20. Qe3 Rfe8 21.
Qxh6 Bf8 22. Qg5 Bg7 23. Bf3 Re5 24. Qg3 Qb4 25. h5 g5 26. h6 Bh8 27. h7+ Kf8
28. Rh6 Ne8 29. e4 a6 30. Rf1 Qxc4 31. Be2 Qd4 32. Bh5 Re7 33. Re6 Rxe6 34.
Rxf7# 1-0

[Event "Weekend A"]
[Site "Bari ITA"]
[Date "2004.01.25"]
[Round "6"]
[White "Palma, Antonio"]
[Black "Gissi, Gilberto"]
[Result "0-1"]
[WhiteElo "1918"]
[BlackElo "1837"]
[PlyCount "62"]
[EventDate "2004.01.17"]

1. d4 f5 2. c4 Nf6 3. Nf3 e6 4. Nc3 d5 5. Bf4 c6 6. e3 Bb4 7. Qc2 Ne4 8. Bd3
Nxc3 9. bxc3 Be7 10. cxd5 cxd5 11. O-O O-O 12. c4 Nc6 13. a3 Bd6 14. cxd5 exd5
15. Be5 Qe7 16. Bxd6 Qxd6 17. Rfc1 Qf6 18. Qc5 Be6 19. Rab1 Rac8 20. Qb5 Rf7
21. Rc2 f4 22. Rbc1 Rcf8 23. a4 fxe3 24. fxe3 Qh6 25. Re1 Qh5 26. e4 Rxf3 27.
gxf3 Nxd4 28. Qc5 Nxf3+ 29. Kf2 Qxh2+ 30. Ke3 d4+ 31. Qxd4 Qh6+ 0-1

[Event "Weekend A"]
[Site "Bari ITA"]
[Date "2004.01.25"]
[Round "6"]
[White "Pascali, Frederic"]
[Black "Laghetti, Gaetano"]
[Result "0-1"]
[WhiteElo "1734"]
[BlackElo "1723"]
[PlyCount "97"]
[EventDate "2004.01.17"]

1. Nf3 Nf6 2. e3 g6 3. d4 Bg7 4. c4 O-O 5. Nc3 d6 6. Bd3 Bg4 7. h3 Bd7 8. O-O
c5 9. d5 Na6 10. a3 Nc7 11. e4 Nh5 12. g4 Nf6 13. Nh2 Rb8 14. f4 b5 15. e5 Nfe8
16. Nf3 bxc4 17. Bxc4 Nb5 18. Ne4 Qc8 19. Nf2 e6 20. Re1 Qb7 21. a4 Nbc7 22.
dxe6 Nxe6 23. exd6 Nd4 24. Nxd4 cxd4 25. Ne4 Bc6 26. Bd3 Rd8 27. Rb1 Nxd6 28.
Nc5 Qb4 29. Na6 Qb6 30. b4 Bb7 31. Nc5 Ba8 32. Qc2 Qc6 33. Qh2 Rfe8 34. Ba3 Re3
35. Rxe3 dxe3 36. Be2 Ne4 37. Bf3 f5 38. gxf5 gxf5 39. Nxe4 fxe4 40. Be2 Rd2
41. Kf1 Qxa4 42. f5 Qxa3 43. Qb8+ Bf8 44. Bc4+ Bd5 45. Qg3+ Kf7 46. Qc7+ Be7
47. Bxd5+ Rxd5 48. Qc8 Qd3+ 49. Kg2 0-1

[Event "Weekend A"]
[Site "Bari ITA"]
[Date "2004.01.25"]
[Round "6"]
[White "Pizzuto, Samuele Tullio"]
[Black "Campanile, Roberto"]
[Result "1/2-1/2"]
[WhiteElo "2139"]
[BlackElo "2183"]
[PlyCount "21"]
[EventDate "2004.01.17"]

1. e4 c5 2. Nc3 a6 3. f4 d6 4. Nf3 Nc6 5. d4 cxd4 6. Nxd4 e6 7. Be2 Bd7 8. Be3
Be7 9. Qd2 b5 10. Nxc6 Bxc6 11. Bf3 1/2-1/2

[Event "Weekend A"]
[Site "Bari ITA"]
[Date "2004.01.25"]
[Round "6"]
[White "Pulimeno, Roberto"]
[Black "Di Lascio, Savino"]
[Result "1-0"]
[WhiteElo "1750"]
[BlackElo "2055"]
[PlyCount "75"]
[EventDate "2004.01.17"]

1. e4 c6 2. Nc3 d5 3. Nf3 dxe4 4. Nxe4 Nf6 5. Nxf6+ gxf6 6. d4 Bf5 7. Bd3 Nd7
8. c3 Bxd3 9. Qxd3 Qc7 10. Be3 e6 11. O-O-O h5 12. g3 O-O-O 13. Bf4 Bd6 14.
Bxd6 Qxd6 15. Qe2 a5 16. h4 Kc7 17. Nd2 b5 18. Ne4 Qd5 19. b3 Qf5 20. Rd3 Rhg8
21. Qf3 Qd5 22. Rhd1 Rg6 23. Qf4+ Kb6 24. Nc5 Nf8 25. a4 Nh7 26. axb5 cxb5 27.
Qe3 f5 28. c4 bxc4 29. bxc4 Qxc4+ 30. Rc3 Qd5 31. Qe2 Ra8 32. Qb2+ Kc7 33.
Nxe6+ Kd7 34. Nf4 Qe4 35. Nxg6 fxg6 36. Qb5+ Kd8 37. Qb6+ Kd7 38. Qc7+ 1-0

[Event "Weekend A"]
[Site "Bari ITA"]
[Date "2004.01.25"]
[Round "6"]
[White "Vespe, Francesco"]
[Black "Campanile, Antonio"]
[Result "1/2-1/2"]
[WhiteElo "1867"]
[BlackElo "2096"]
[PlyCount "31"]
[EventDate "2004.01.17"]

1. e4 d5 2. exd5 Qxd5 3. Nc3 Qd6 4. d4 Nf6 5. Nf3 a6 6. Be2 Nc6 7. O-O Bf5 8.
a3 e6 9. h3 Be7 10. Be3 O-O 11. Qd2 Rfd8 12. Rad1 Qd7 13. Bd3 Bg6 14. Bxg6 hxg6
15. Qe2 Qe8 16. Rd2 1/2-1/2

[Event "X Festival B"]
[Site "Verona ITA"]
[Date "2004.01.04"]
[Round "4"]
[White "Sprea, Giuseppe"]
[Black "Di Lazzaro, Gabriele"]
[Result "1-0"]
[WhiteElo "2044"]
[BlackElo "1990"]
[PlyCount "59"]
[EventDate "2004.01.02"]

1. d4 d5 2. c4 e6 3. Nc3 c6 4. e3 Nf6 5. Nf3 Nbd7 6. Bd3 dxc4 7. Bxc4 b5 8. Bd3
Bb7 9. O-O a6 10. a3 c5 11. Re1 cxd4 12. exd4 Be7 13. Bg5 O-O 14. Ne5 h6 15.
Bf4 Nb6 16. Qd2 Nfd7 17. Rad1 Nxe5 18. dxe5 Nd5 19. Bxh6 Nxc3 20. bxc3 Qd5 21.
Re4 f5 22. exf6 Bxf6 23. Rg4 Rad8 24. Qe2 Qc6 25. Bxg7 Bxg7 26. Qe5 Rd7 27. Qh5
Rxd3 28. Rxd3 Bc8 29. Rh3 Rf7 30. Qh8# 1-0

[Event "X Festival A"]
[Site "Verona ITA"]
[Date "2004.01.02"]
[Round "1"]
[White "Bacrot, Etienne"]
[Black "Popa, Florin"]
[Result "1-0"]
[WhiteElo "2664"]
[BlackElo "2219"]
[PlyCount "83"]
[EventDate "2004.01.02"]

1. d4 d5 2. c4 e6 3. Nf3 Nf6 4. Nc3 Be7 5. Bg5 Nbd7 6. e3 O-O 7. Rc1 c6 8. Qc2
h6 9. Bh4 a6 10. c5 Ne8 11. Bg3 f5 12. Be2 Nef6 13. Ne5 Nxe5 14. Bxe5 Nd7 15.
Bg3 e5 16. Bxe5 Nxe5 17. dxe5 Qa5 18. O-O Qxc5 19. Nxd5 Qxc2 20. Nxe7+ Kf7 21.
Rxc2 Kxe7 22. Rd1 Be6 23. Rcd2 Rfd8 24. Rxd8 Rxd8 25. Rxd8 Kxd8 26. a3 Kc7 27.
f4 c5 28. Kf2 b5 29. Bf3 g5 30. g3 c4 31. e4 gxf4 32. gxf4 Kb6 33. Ke3 Kc5 34.
exf5 Bxf5 35. Be4 Bh3 36. f5 a5 37. f6 Be6 38. Bg6 Kd5 39. Kf4 b4 40. axb4 axb4
41. f7 Bxf7 42. Bxf7+ 1-0

[Event "X Festival A"]
[Site "Verona ITA"]
[Date "2004.01.02"]
[Round "1"]
[White "Godena, Michele"]
[Black "Luciani, Valerio"]
[Result "1-0"]
[WhiteElo "2515"]
[BlackElo "2202"]
[PlyCount "51"]
[EventDate "2004.01.02"]

1. e4 e6 2. d4 d5 3. Nd2 c5 4. exd5 exd5 5. Ngf3 Nc6 6. Bb5 Bd6 7. dxc5 Bxc5 8.
O-O Nge7 9. Nb3 Bd6 10. Be3 O-O 11. Bd3 Bf5 12. c3 Re8 13. Qc2 Bxd3 14. Qxd3
Qc7 15. Rfe1 Rad8 16. Rad1 a6 17. Nbd4 Ne5 18. Nxe5 Bxe5 19. Nf3 Ng6 20. Qf5 f6
21. h4 Qd7 22. Qxd7 Rxd7 23. h5 Ne7 24. h6 g6 25. Bg5 Nc6 26. Bxf6 1-0

[Event "X Festival A"]
[Site "Verona ITA"]
[Date "2004.01.02"]
[Round "1"]
[White "Martorelli, Antonio"]
[Black "Foglia, Maurizio"]
[Result "1-0"]
[WhiteElo "2272"]
[BlackElo "2109"]
[PlyCount "57"]
[EventDate "2004.01.02"]

1. e4 Nf6 2. e5 Nd5 3. c4 Nb6 4. a4 a5 5. c5 Nd5 6. Nc3 Nxc3 7. dxc3 d6 8. Qb3
dxe5 9. Bg5 Be6 10. Qxb7 Bd5 11. Bb5+ c6 12. O-O-O f6 13. Nf3 e6 14. Nxe5 Be7
15. Nxc6 Nxc6 16. Bxc6+ Kf7 17. Bxd5 exd5 18. Rxd5 Qc8 19. Qxc8 Rhxc8 20. Be3
Ke6 21. Rhd1 g5 22. g4 h5 23. gxh5 Rh8 24. f4 Rxh5 25. f5+ Kf7 26. Re1 Rxh2 27.
Rd7 Rh7 28. c6 Kg8 29. Bd4 1-0

[Event "X Festival A"]
[Site "Verona ITA"]
[Date "2004.01.03"]
[Round "2"]
[White "Castaldo, Folco"]
[Black "Bacrot, Etienne"]
[Result "0-1"]
[WhiteElo "2361"]
[BlackElo "2664"]
[PlyCount "68"]
[EventDate "2004.01.02"]

1. Nf3 g6 2. g3 Bg7 3. Bg2 e5 4. O-O d5 5. d3 Ne7 6. Nbd2 O-O 7. e4 Nbc6 8. Re1
h6 9. b3 d4 10. a4 Bg4 11. h3 Be6 12. Nc4 Qd7 13. Kh2 b6 14. Bd2 a6 15. Qe2 b5
16. axb5 axb5 17. Rxa8 Rxa8 18. Ncxe5 Bxe5 19. Nxe5 Nxe5 20. f4 Ra2 21. f5 Rxc2
22. fxe6 Qxe6 23. Rc1 Rxc1 24. Bxc1 Qxb3 25. Bxh6 c5 26. Qf1 Qe6 27. Qa1 Kh7
28. Bg5 f6 29. Bd2 Nxd3 30. Qa8 Ne5 31. Qe8 b4 32. Bh6 Qf7 33. Qxf7+ Nxf7 34.
Bf8 b3 0-1

[Event "X Festival A"]
[Site "Verona ITA"]
[Date "2004.01.03"]
[Round "2"]
[White "De Rosa, Mariagrazia"]
[Black "Costantini, Laura"]
[Result "1-0"]
[WhiteElo "2136"]
[BlackElo "2064"]
[PlyCount "103"]
[EventDate "2004.01.02"]

1. e4 c5 2. Nf3 d6 3. d4 cxd4 4. Nxd4 Nf6 5. Nc3 a6 6. Bg5 e6 7. f4 Nc6 8. Nxc6
bxc6 9. e5 h6 10. Bh4 g5 11. fxg5 Nd5 12. Nxd5 cxd5 13. Qh5 Be7 14. exd6 Qxd6
15. Be2 Qb6 16. Rf1 Rf8 17. Rb1 Bb4+ 18. Kd1 Qd4+ 19. Bd3 e5 20. h3 e4 21. Bf2
Qe5 22. c3 Be7 23. Qxh6 Be6 24. Bd4 Qg3 25. Be2 Bxg5 26. Qg7 Bf4 27. Rxf4 Qxf4
28. Bc5 Kd7 29. Bxf8 Qf2 30. b4 Qg1+ 31. Kc2 Qf2 32. Rd1 Qxe2+ 33. Rd2 Qc4 34.
Bc5 Qxa2+ 35. Kd1 Qb3+ 36. Ke1 Rc8 37. Qf6 Qb1+ 38. Ke2 Kc6 39. Qe7 Kb5 40.
Qb7+ Kc4 41. Qxa6+ Kb3 42. Bd4 e3 43. Qd3 Qxd3+ 44. Rxd3 Ra8 45. Kxe3 Bf5 46.
Rd2 Be4 47. g4 Ra1 48. b5 Kc4 49. b6 Rb1 50. Ra2 Kb3 51. Ra7 Kc2 52. b7 1-0

[Event "X Festival A"]
[Site "Verona ITA"]
[Date "2004.01.03"]
[Round "2"]
[White "Dervishi, Erald"]
[Black "Gatterer, Florian"]
[Result "1-0"]
[WhiteElo "2490"]
[BlackElo "2103"]
[PlyCount "81"]
[EventDate "2004.01.02"]

1. e4 c5 2. Nf3 e6 3. d4 cxd4 4. Nxd4 a6 5. Bd3 Qc7 6. O-O Nf6 7. Qe2 d6 8. c4
Be7 9. Nc3 Nbd7 10. Nf3 O-O 11. Bf4 Ne5 12. Nxe5 dxe5 13. Be3 Bc5 14. Bxc5 Qxc5
15. a3 Rd8 16. Rfd1 b6 17. b4 Qc7 18. Qe3 Ng4 19. Qg3 Nf6 20. Be2 Bb7 21. Qe3
Rxd1+ 22. Rxd1 Rd8 23. Rd3 h6 24. f3 Kf8 25. Nb1 Rxd3 26. Qxd3 Ke7 27. Kf2 Ke8
28. Nd2 Nd7 29. Ke1 Ke7 30. Kd1 Ke8 31. Kc2 Ke7 32. Kb2 Ke8 33. Nb3 Ke7 34. Qd2
Ke8 35. a4 Bc8 36. a5 bxa5 37. Nxa5 Nb8 38. Bd1 Bd7 39. Ka3 Nc6 40. Nxc6 Qxc6
41. Qxd7+ 1-0

[Event "X Festival A"]
[Site "Verona ITA"]
[Date "2004.01.03"]
[Round "2"]
[White "Ferretti, Folco"]
[Black "Mrdja, Milan"]
[Result "0-1"]
[WhiteElo "2280"]
[BlackElo "2413"]
[PlyCount "80"]
[EventDate "2004.01.02"]

1. e4 g6 2. d4 Bg7 3. Nc3 d6 4. Nge2 Nd7 5. g3 c5 6. Bg2 h5 7. Bg5 cxd4 8. Nxd4
Qb6 9. Ndb5 Ngf6 10. Be3 Qa5 11. Qd2 a6 12. Nd4 Ng4 13. Nb3 Qd8 14. Bd4 e5 15.
Be3 Nxe3 16. fxe3 Nf6 17. O-O-O Ke7 18. Rhf1 Be6 19. h3 Rc8 20. Qf2 Rf8 21.
Nd5+ Bxd5 22. exd5 a5 23. g4 hxg4 24. hxg4 Qc7 25. Kb1 Nxg4 26. Qh4+ Nf6 27.
Rd2 Rh8 28. Qa4 b6 29. Rdf2 Qc4 30. Qxc4 Rxc4 31. Nd2 Rg4 32. Bf3 Rgh4 33. b3
Rf8 34. Rh1 Rxh1+ 35. Bxh1 Rh8 36. Bf3 Rh4 37. c4 Bh6 38. Re2 Rh3 39. Kc2 Nd7
40. a3 f5 0-1